000 00411nam a2200181Ia 4500
001 11690
005 20260306162846.0
008 260306t1982||||xx |||||||||||||| ||spa||
041 _aESP
082 _a987.041
_bB72T
100 _aBolívar, Simón
_eAUT
245 0 _aTextos texto impreso
260 _c1982
300 _a291 páginas :
_c
650 _aGEN
654 _aCHU
942 _cLIB
_dJUS
_fJUS
_2ddc
_n
999 _c11690
_d11690